|
|
|
|
| LEADER |
00000naa2a2200000 4500 |
| 001 |
431866 |
| 005 |
20231101075420.0 |
| 035 |
|
|
|a (RuTPU)RU\TPU\prd\92040
|
| 035 |
|
|
|a RU\TPU\prd\34944
|
| 090 |
|
|
|a 431866
|
| 100 |
|
|
|a 20101202a2004 k y0rusy50 ca
|
| 101 |
0 |
|
|a rus
|
| 102 |
|
|
|a RU
|
| 200 |
1 |
|
|a Кинетические процессы в неидеальной ридберговской материи
|f Б. Б. Зеленер, Б. В. Зеленер, Э. А. Маныкин
|
| 225 |
1 |
|
|a Плазма. газы
|
| 320 |
|
|
|a Библиогр.: 19 назв.
|
| 461 |
|
1 |
|0 (RuTPU)RU\TPU\prd\1443
|x 0044-4510
|t Журнал экспериментальной и теоретической физики
|l ЖЭТФ
|f Российская академия наук (РАН) ; Отделение физических наук РАН
|d 1931-
|
| 463 |
|
1 |
|0 (RuTPU)RU\TPU\prd\92035
|t Т. 126, вып. 6
|v с. 1344-1352
|d 2004
|
| 610 |
1 |
|
|a ридберговская плазма
|
| 610 |
1 |
|
|a кинетические процессы
|
| 610 |
1 |
|
|a ультрахолодная неидеальная плазма
|
| 610 |
1 |
|
|a кинетика плазмы
|
| 610 |
1 |
|
|a параметры неидеальности
|
| 610 |
1 |
|
|a создание плазмы
|
| 610 |
1 |
|
|a электронная температура
|
| 700 |
|
1 |
|a Зеленер
|b Б. Б.
|
| 701 |
|
1 |
|a Зеленер
|b Б. В.
|
| 701 |
|
1 |
|a Маныкин
|b Э. А.
|
| 801 |
|
1 |
|a RU
|b 63413507
|c 20050414
|g PSBO
|
| 801 |
|
2 |
|a RU
|b 63413507
|c 20101203
|g RCR
|
| 942 |
|
|
|c BK
|